Los componentes nacional y extranjero en los materiales de construccion

保存先:
書誌詳細
第一著者: Fonseca Macrini, Ramiro Francisco
フォーマット: 学位論文 図書
言語:Undetermined
出版事項: 1985
主題:
タグ: タグ追加
タグなし, このレコードへの初めてのタグを付けませんか!

MARC

LEADER 00000nam a2200000Ia 4500
001 2746
008 140114s9999 xx 000 0 und d
100 |a Fonseca Macrini, Ramiro Francisco 
245 |a Los componentes nacional y extranjero en los materiales de construccion 
260 |c 1985 
500 |a NULL 
502 |a Escuela de ingenieria Civil 
650 |z MATERIALES DE CONSTRUCCION 
999 |c 11639  |d 11639